Vadászat és lelkiismeret

Elmentve itt :
Bibliográfiai részletek
Szerző: Kalmár Zoltán
Testületi szerző: Lábjegyzetek Platónhoz: A lelkiismeret (2006) (Szeged)
Dokumentumtípus: Könyv része
Megjelent: 2006
Sorozat:Lábjegyzetek Platónhoz 5
A lelkiismeret 5
Kulcsszavak:Vadászat - kultúrfilozófia
Tárgyszavak:
Online Access:http://acta.bibl.u-szeged.hu/49108
LEADER 00829naa a2200241 i 4500
001 acta49108
005 20220107105917.0
008 170822s2006 hu o 0|| hun d
020 |a 963 212 659 9 
022 |a 1785 7082 
040 |a SZTE Egyetemi Kiadványok Repozitórium  |b hun 
041 |a hun 
100 1 |a Kalmár Zoltán 
245 1 0 |a Vadászat és lelkiismeret  |h [elektronikus dokumentum] /  |c  Kalmár Zoltán 
260 |c 2006 
300 |a 388-395 
490 0 |a Lábjegyzetek Platónhoz  |v 5 
490 0 |a A lelkiismeret  |v 5 
650 4 |a Bölcsészettudományok 
650 4 |a Filozófia, etika és vallástudományok 
695 |a Vadászat - kultúrfilozófia 
710 |a Lábjegyzetek Platónhoz: A lelkiismeret (2006) (Szeged) 
856 4 0 |u http://acta.bibl.u-szeged.hu/49108/1/platonhoz_005_388-395.pdf  |z Dokumentum-elérés